01013nam a22002777a 4500003000200000005001700002008000200019010001300021020002200034035002300056037001600079040001500095082001700110245008700127260003400214270001800248300002500266500001900291650004500310650003100355700002800386942002600414999001900440952013900459952013700598020180703144444.00 aB-041070 c00.00a0192123033 aB-041070, A-806521 bCen Lib/Ret aDPLbENc0 a796.358bTHR aThrough the covers :cedited by Christopher Leeban anthology of cricket writing / bOxford University Pressc1996 aWalton Street axiv,526p. c22cm(Hb) aIncludes index aCricket -- Literary collections. 924892 aEnglish literature.973455 aLee, Christopher924894 2ddccENh796.358mTHR c128942d128942 00104070aLbLd2015-07-03eCen Lib/Retg0.00l1m2o796.358 THRpB-041070r2019-07-23 00:00:00s2019-06-11t1v0.00w2016-09-15yEN 00102ddc40708NFICaBL1bBL1d2018-07-03eBPPD/Pubg825.00l0o796.358 THRpA-806521r2018-07-03 00:00:00v825.00w2018-07-03yEN